000 00352nam a2200157Ia 4500
100 _aPopoviciu/Ciprian
650 _aComputers
942 _cBK
366 _f15
654 _aIPV6
245 _aDeploying IPV6 Networks-Cisco systems
260 _bPearson Education
_aMumbai
_c2006
082 _a004.6/POP
_bPOP
300 _a627
546 _aENGLISH
999 _c32378
_d32378